|
|
|
|
| LEADER |
00000nab a2200000 a 4500 |
| 001 |
vtls000821015 |
| 003 |
SK-MaSNL |
| 005 |
20260304143403.0 |
| 008 |
250505c2003 xo 0 slo |
| 015 |
|
|
|a SNBRB2003/01-00637
|
| 035 |
|
|
|a CLN000172670
|
| 035 |
|
|
|a urn:nbn:sk:snk-aberhm
|
| 035 |
|
|
|a (urnnbn)urn:nbn:sk:snk:ar-000b9e
|
| 035 |
|
|
|a (uuid)95a3eb18-68e4-45ed-b94d-e932729c593f
|
| 040 |
|
|
|a SNKBUCL
|b slo
|c SNKBUCL
|e AACR2
|
| 041 |
0 |
|
|a slo
|
| 044 |
|
|
|a xo
|c SK
|
| 080 |
|
|
|a 82.09:885.4-3(048)
|2 1997
|
| 080 |
|
|
|a 885.4-3(048)
|2 1997
|
| 100 |
1 |
|
|a Lobová, Andrea,
|d 1973-
|4 aut
|9 104893
|
| 245 |
1 |
0 |
|a Z pozostalosti
|c Andrea Lobová
|
| 650 |
0 |
7 |
|a spoločenské poviedky, slovenské
|x recenzie
|2 snkbucl
|9 58534
|
| 655 |
|
7 |
|a články z novín a časopisov
|2 snkbucl
|9 267496
|
| 655 |
|
7 |
|a články z odboru literárna veda a krásna literatúra
|2 snkbucl
|9 770045
|
| 773 |
0 |
|
|t Slovenské pohľady
|g Roč. 4+119, č. 1 (2003), s. 120-121
|x 1335-7786
|
| 787 |
0 |
8 |
|i Rec.:
|a Karvaš, Peter, 1920-1999
|t Za múrom
|d Bratislava : Slovenský spisovateľ, c2001
|z 8022011231
|
| 850 |
|
|
|a Slovenská národná knižnica
|
| 852 |
|
|
|a Slovenská národná knižnica
|
| 958 |
|
|
|a article27
|
| 958 |
|
|
|a LX
|
| 958 |
|
|
|a SK
|
| 958 |
|
|
|a RC
|
| 958 |
|
|
|a OND
|
| 958 |
|
|
|a EUIPO
|
| 992 |
|
|
|a RBX
|
| 999 |
|
|
|c 2925069
|d 2926999
|